| 000 | 00961nam a2200337Ia 4500 | ||
|---|---|---|---|
| 003 | AR-RoIUNI | ||
| 005 | 20241122062815.0 | ||
| 007 | ta | ||
| 008 | 150616s1992 ag 000 0 spa d | ||
| 020 | _a9500614391 | ||
| 040 |
_cIUNIR _bSpa _eAnglo |
||
| 080 | _a617.5 SCH | ||
| 100 | 1 |
_aSchwartz, Seymour I. _9386 |
|
| 245 | 1 | 0 |
_aOperaciones abdominales. _nTomo 1 _cSeymour I. Schwartz, Harold Ellis ; con Husser, Wendy Cowles |
| 250 | _a8a. ed. | ||
| 260 |
_aBuenos Aires : _bMédica Panamericana, _c1992. |
||
| 300 |
_a1002 p. _c25 cm. |
||
| 650 | 1 | 0 |
_aMedicina _958 |
| 650 | 4 | _aABDOMEN | |
| 650 | 1 | 0 |
_aCirugía _978 |
| 650 | 4 | _aENDOSCOPIA | |
| 650 | 4 | _aHERNIAS DIAFRAGMÁTICAS CONGÉNITAS | |
| 650 | 4 | _aFÍSTULAS GASTROINTESTINALES | |
| 650 | 4 | _aPERITONEO | |
| 650 | 4 | _aTRAUMATISMO ABDOMINAL | |
| 650 | 4 | _aESÓFAGO | |
| 650 | 4 | _aGASTRECTOMÍA | |
| 650 | 4 | _aONCOLOGÍA MÉDICA | |
| 700 | 1 |
_9385 _aMaingot, Rodney |
|
| 942 |
_cBK _2cdu |
||
| 999 |
_c1013 _d1013 |
||